| 000 | 01081cam a22002771i 4500 | ||
|---|---|---|---|
| 003 | SA-RiAUC | ||
| 005 | 20250811062127.0 | ||
| 008 | 250807s2004 ir g 000 0bara c | ||
| 040 |
_aSA-JeALM _bara _cSA-RiAUC _erda |
||
| 041 | 1 |
_aara _hund |
|
| 082 | 0 | 4 |
_a247.5 _qSA-RiAUC |
| 090 |
_a247.5 _bس ب ح |
||
| 100 | 1 |
_aالسبحاني، جعفر، _d1929- _eمؤلف. |
|
| 245 | 1 | 2 |
_aالسيرة المحمدية / _cتأليف جعفر السبحاني ؛ ترجمة جعفر الهادي |
| 250 | _aالطبعة الأولى. | ||
| 264 | 1 |
_aقم، إيران : _bمؤسسة الإمام الصادق، _c2000 |
|
| 300 |
_aصفحة ؛ _c24 سم |
||
| 336 |
_aنص _btxt _2rdacontent _3كتاب |
||
| 337 |
_aبدون وسيط _bn _2rdamedia |
||
| 338 |
_aمجلد _bnc _2rdacarrier |
||
| 600 | 0 | 7 |
_aمحمد (صلى الله عليه وسلم)، _d53 قبل الهجرة-11 هجري _2aucnm |
| 650 | 7 |
_aالسيرة النبوية (شيعة) _2aucsh |
|
| 700 | 1 |
_aالهادي، جعفر _eمترجم. |
|
| 942 |
_2ddc _cBOOK _n0 |
||
| 949 |
_aSA-JeALM _d250807 _umohamedma123 _n1 |
||
| 999 |
_c10713 _d10713 |
||